Catalog

Record Details

Catalog Search



Potřeby dobrovolníků : absolventská práce Vedoucí práce: Mgr. Vojtěch Sivek SDB

Record details

  • Physical Description: 72 s. příl.

Content descriptions

Bibliography, etc. Note:
bibliogr. s. 46

Available copies

  • 1 of 1 copy available at Common Catalog SPOK.

Holds

  • 0 current holds with 1 total copy.
Show Only Available Copies
Location Call Number / Copy Notes Barcode Shelving Location Status Due Date
Jabok Library ABP-1197 424480021143 Absolventské práce Reference -

LDR 00610nsm a22 a 4500
0019529
003CZ-PrJAB
00520071204000000.0
008071204s2007 xr e |||| |cze
009cz
035 . ‡a(CONS)9529
035 . ‡aKPS0017087
040 . ‡a
0410 . ‡acze
10011. ‡713501 ‡aKadlecová, Marie
110 2. ‡aJABOK - Vyšší sociálně pedagogická a teologická škola
2451 . ‡aPotřeby dobrovolníků : ‡babsolventská práce ‡cVedoucí práce: Mgr. Vojtěch Sivek SDB
260 . ‡aPraha ‡c2007
300 . ‡a72 s. ‡bpříl.
504 . ‡abibliogr. s. 46
653 . ‡adobrovolníci ‡adobrovolnictví
70011. ‡712351 ‡aSivek, Vojtěch
999 . ‡a1197- ‡c1197- ‡i424480021143 ‡l ‡tP
910 . ‡aABG312
901 . ‡a9529 ‡bUnknown ‡c9529 ‡tbiblio

Additional Resources